000 00786nas a2200265 4500
001 BR9405633
003 BR-BrBNA
005 20231205093730.0
007 ta
008 230509b bl.|||p| |||| 00| 00por d
040 _aBR-BrBNA
_bpor
_cBiblioteca Nacional de Agricultura
041 _a(Pt)
072 _aF04
100 1 _aLanzer, E.A.
100 1 _aScherer, E.E.
100 1 _aGrimm, S.S.
245 1 _aAdubacao, calagem e rendimentos sustentaveis da soja em um latossolo de Santa Catarina
650 _aSoja
650 _aAdubacao
650 _aCalagem
650 _aSanta Catarina
773 0 _tPesquisa Agropecuaria Brasileira (Brazil)
_xISSN 0100-204X
_g(Feb 1994), v. 29(2) p. 183-190
_wBR9405633
909 _a202311
_bLúcia
_c55
_dLúcia Elande
942 _2AGRIS
_n0
_cANA
999 _c140128
_d140128